| 000 | 00579nam a2200217Ia 4500 | ||
|---|---|---|---|
| 008 | 101110s9999 xx 000 0 und d | ||
| 041 | _aENGLISH | ||
| 082 | _bJR6070 | ||
| 100 | _aPabrekar P.N., Wali Kalid | ||
| 245 | _aPrecise chemsitry higher secondary Std. XII | ||
| 260 |
_c2008 _bSheth prakashan,Thane |
||
| 300 | _a460 | ||
| 365 | _b93 | ||
| 520 | _aPhysics | ||
| 546 | _aENGLISH | ||
| 630 | _aPrecise chemsitry higher secondary Std. XII | ||
| 650 | _aPhysics | ||
| 655 | _aPhysics | ||
| 730 | _aPrecise chemsitry higher secondary Std. XII | ||
| 942 | _cBOOK | ||
| 999 |
_c796863 _d796860 |
||